000 00551nam a2200181Ia 4500
999 _c28899
_d28899
003 OSt
005 20210107151405.0
008 190216s9999||||xx |||||||||||||| ||und||
020 _a9788182642249
040 _coclc
082 _a894.8128
_bRAM/G
100 _aRamesh, K P
_97784
245 0 _aGauthama Budhan :
_bJnanavum Saundarya Sasthravum /
_cK P Ramesh
260 _bMathrubhumi Printing And Publishing,
_aKozhikode:
_c2005.
300 _a120p
650 _aPadanam
942 _cBK
_2ddc
_h894.8128
_iRAM/G
_k894.8128
_mRAM/G